É preciso ter lata (Registo nº 197513)

Detalhes MARC
000 -Etiqueta do registo
Valores 00691nam 22002173 4500
010 ## - Número ISBN
ISBN 972-989-692-172-9
021 ## - Número do Depósito Legal
Código do país Portugal
Número 468 549/20
100 ## - Dados gerais de processamento
Dados gerais 20250808d u||y0pory50 ba
200 ## - Titulo e menção de responsabilidade
Título próprio É preciso ter lata
Informação de outro título 80 deliciosas receitas com conservas e enlatados
Primeira menção de responsabilidade Lola Milne
Outras menções de responsabilidade fotografias de Lizzie Mayson ; tradução André Chêdas
205 ## - Menção da edição
Edição
210 ## - Publicação
Local de publicação Lisboa
Nome do editor arteplural
Data de publicação 2021
215 ## - Descrição física 
Paginação / Volumes 160 p.
Outras indicações físicas il. fot. ; encadernado
Dimensões 22 cm
606 ## - Nome comum usado como assunto
Palavra de ordem Alimentos.Culinária.Pratos
ID Autoridade 13503
675 ## - CDU
Notação 641.5
Edição PT
Língua por
700 ## - Autor principal (pessoa individual)
ID Autoridade 13567
Apelido Milne
Nome Lola
702 ## - Autor secundário (pessoa individual)
ID Autoridade 13568
Apelido Mayson
Nome Lizzie
801 ## - Fonte de origem
País PT
Agência BMMN
Regras de catalogação RPC
830 ## - Notas gerais do catalogador
Criado por Ana
Indexado por Ana
990 ## - Elementos KOHA
Tipo de documento Livro
Exemplares
Situação do levantamento Biblioteca de origem Código de barras Cota Permissão de empréstimo Tipo de documento Forma de aquisição
  Biblioteca Municipal de Montemor-o-Novo 25625 641.5 MIL|LG   Livro Compra

Powered by Koha